Trắc địa biển
Đã lưu trong:
| Tác giả chính: | |
|---|---|
| Định dạng: | Sách |
| Ngôn ngữ: | Undetermined |
| Được phát hành: |
Tp. HCM
ĐHQG
2003
|
| Những chủ đề: | |
| Các nhãn: |
Thêm thẻ
Không có thẻ, Là người đầu tiên thẻ bản ghi này!
|
| Thư viện lưu trữ: | Trung tâm Học liệu Trường Đại học Cần Thơ |
|---|
| LEADER | 00473nam a2200181Ia 4500 | ||
|---|---|---|---|
| 001 | CTU_56928 | ||
| 008 | 210402s9999 xx 000 0 und d | ||
| 020 | |b 19000 | ||
| 082 | |a 526.1 | ||
| 082 | |b Ch464 | ||
| 100 | |a Lê Trung Chơn | ||
| 245 | 0 | |a Trắc địa biển | |
| 245 | 0 | |c Lê Trung Chơn | |
| 260 | |a Tp. HCM | ||
| 260 | |b ĐHQG | ||
| 260 | |c 2003 | ||
| 650 | |a mathematical geography,geodesy | ||
| 980 | |a Trung tâm Học liệu Trường Đại học Cần Thơ | ||